[Event "Chess.com Classic Play In"]
[Site "Chess.com INT"]
[Date "2025.05.19"]
[Round "9"]
[White "Iskusnyh, Sergei"]
[Black "Kaidanov, Gregory S"]
[Result "1-0"]
[WhiteElo "2440"]
[BlackElo "2505"]
[PlyCount "75"]
[EventDate "2025.05.19"]
[EventType "swiss (blitz)"]
[EventRounds "9"]
[EventCountry "USA"]
[SourceTitle "CB21_2025"]
[SourceDate "2025.05.21"]
[SourceVersion "1"]
[SourceVersionDate "2025.05.21"]
[SourceQuality "1"]

1. d4 d5 2. c4 e6 3. g3 Nf6 4. Bg2 Be7 5. Nf3 0-0 6. 0-0 a5 7. Qc2 Nc6 8. a3 dxc4 9. Qxc4 Qd5 10. Qxd5 exd5 11. Bf4 Bg4 12. Nbd2 Bd6 13. Bxd6 cxd6 14. Rac1 a4 15. e3 Ra6 16. Nb1 Rb6 17. Nc3 Ra8 18. h3 Bf5 19. Nh4 Be4 20. f3 Bd3 21. Rfd1 Bc4 22. Nf5 Rxb2 23. Nxd6 Bb3 24. Re1 Na5 25. e4 Rd8 26. e5 Nh5 27. Re2 Nc4 28. Rxb2 Nxb2 29. Ne2 g6 30. Rc7 Bc4 31. Nxf7 Rb8 32. Nf4 Nxg3 33. Ng5 Nd3 34. Nfe6 Nh5 35. Nxh7 Ndf4 36. Nxf4 Nxf4 37. Nf6+ Kf8 38. Nd7+ 1-0

[Event "Chess.com Classic Play In"]
[Site "Chess.com INT"]
[Date "2025.05.19"]
[Round "4"]
[White "Vetoshko, Volodymyr"]
[Black "Iskusnyh, Sergei"]
[Result "1-0"]
[WhiteElo "2517"]
[BlackElo "2440"]
[PlyCount "109"]
[EventDate "2025.05.19"]
[EventType "swiss (blitz)"]
[EventRounds "9"]
[EventCountry "USA"]
[SourceTitle "CB21_2025"]
[SourceDate "2025.05.21"]
[SourceVersion "1"]
[SourceVersionDate "2025.05.21"]
[SourceQuality "1"]

1. e4 e6 2. d4 d5 3. Bd3 c5 4. exd5 exd5 5. dxc5 Bxc5 6. Nf3 Nf6 7. 0-0 0-0 8. h3 Nc6 9. Nc3 h6 10. a3 Be6 11. Bf4 a6 12. Qd2 Re8 13. Rfe1 Bf8 14. Rad1 Qb6 15. Na4 Qd8 16. Ne5 Rc8 17. b4 Nxe5 18. Bxe5 Nd7 19. Bd4 b5 20. Nc3 Nb6 21. Ne2 Nc4 22. Qc1 Qg5 23. Nf4 Bd6 24. Nxe6 Qxc1 25. Rxc1 fxe6 26. c3 e5 27. Bxc4 Rxc4 28. f4 e4 29. g3 h5 30. Kf2 h4 31. Rg1 hxg3+ 32. Rxg3 Rxd4 33. cxd4 Bxf4 34. Rcg1 Bxg3+ 35. Rxg3 Rf8+ 36. Ke2 Rf5 37. Rg6 Rh5 38. Rxa6 Rxh3 39. Ra5 Rd3 40. Rxb5 Rxd4 41. a4 Rd3 42. a5 d4 43. a6 Re3+ 44. Kd2 Rd3+ 45. Ke2 Re3+ 46. Kd2 Rd3+ 47. Kc2 Rc3+ 48. Kb2 Rc8 49. a7 e3 50. Rb8 e2 51. Rxc8+ Kf7 52. Rc1 d3 53. Kc3 d2 54. Kxd2 e1Q+ 55. Kxe1 1-0

[Event "Titled Tuesday intern op 01st Apr Early"]
[Site "Chess.com INT"]
[Date "2025.04.01"]
[Round "2"]
[White "Iskusnyh, Sergei"]
[Black "Masruri, Rahman"]
[Result "0-1"]
[WhiteElo "2440"]
[BlackElo "2327"]
[PlyCount "152"]
[EventDate "2025.04.01"]
[EventType "swiss (blitz)"]
[EventRounds "11"]
[EventCountry "USA"]
[SourceTitle "CB15_2025"]
[SourceDate "2025.04.09"]
[SourceVersion "1"]
[SourceVersionDate "2025.04.09"]
[SourceQuality "1"]

1. d4 e6 2. c4 Nf6 3. g3 Bb4+ 4. Bd2 Qe7 5. Bg2 Bxd2+ 6. Qxd2 d6 7. Nc3 e5 8. Nf3 0-0 9. 0-0 Nc6 10. Rfe1 Re8 11. Nd5 Nxd5 12. cxd5 Nxd4 13. Nxd4 exd4 14. Qxd4 Qe5 15. Qxe5 Rxe5 16. Rac1 Re7 17. e3 Bf5 18. Rc4 Kf8 19. Rec1 Rc8 20. Ra4 a6 21. e4 Bd7 22. Rac4 c5 23. dxc6 Rxc6 24. f3 Rxc4 25. Rxc4 Be6 26. Rd4 Rc7 27. Rd2 Bxa2 28. Kf2 Ke7 29. Ke3 Be6 30. f4 g6 31. Bf3 h5 32. f5 Bd7 33. Be2 Rc5 34. fxg6 fxg6 35. h4 Bc6 36. Bd3 Rc1 37. Rf2 Re1+ 38. Kd4 Rg1 39. Rf3 Rg2 40. b4 Rb2 41. Kc3 Ra2 42. g4 Rh2 43. gxh5 gxh5 44. Rg3 Rxh4 45. Rg7+ Kf6 46. Rh7 Bxe4 47. Bxe4 Rxe4 48. Rxh5 Re7 49. b5 axb5 50. Rxb5 Ke6 51. Kd4 Rh7 52. Rb1 Rh4+ 53. Ke3 Rh7 54. Kd4 Rc7 55. Rb2 Kd7 56. Kd5 Rc5+ 57. Kd4 Kc6 58. Rh2 Rd5+ 59. Kc4 b5+ 60. Kc3 Kc5 61. Rh8 b4+ 62. Kc2 Kc4 63. Rh4+ Rd4 64. Rh8 b3+ 65. Kb2 Rd2+ 66. Kc1 Rc2+ 67. Kb1 Rf2 68. Rh4+ Kb5 69. Kc1 d5 70. Rg4 Kc5 71. Rh4 d4 72. Rh8 Kc4 73. Rh4 Kc3 74. Kd1 b2 75. Rh3+ d3 76. Ke1 Re2+ 0-1

[Event "Titled Tuesday intern op 25th Mar Early"]
[Site "Chess.com INT"]
[Date "2025.03.25"]
[Round "8"]
[White "Iskusnyh, Sergei"]
[Black "Reshetnikov, Alexey"]
[Result "0-1"]
[WhiteElo "2440"]
[BlackElo "2492"]
[PlyCount "82"]
[EventDate "2025.03.25"]
[EventType "swiss (blitz)"]
[EventRounds "11"]
[EventCountry "USA"]
[SourceTitle "CB14_2025"]
[SourceDate "2024.11.01"]
[SourceVersion "1"]
[SourceVersionDate "2024.11.01"]
[SourceQuality "1"]

1. d4 Nf6 2. c4 c6 3. Nf3 d5 4. e3 Bf5 5. Nc3 e6 6. Nh4 Be4 7. f3 Bg6 8. Bd2 Nbd7 9. Nxg6 hxg6 10. Qc2 Bd6 11. 0-0-0 dxc4 12. Bxc4 b5 13. Be2 a6 14. Ne4 Be7 15. Kb1 Rc8 16. Nc5 Qb6 17. Rc1 Nxc5 18. dxc5 Qc7 19. e4 Rxh2 20. Be3 Rd8 21. Qc3 Nh5 22. Rxh2 Qxh2 23. Bf1 Qc7 24. g4 Bf6 25. Qa3 Ng3 26. Qxa6 Nxf1 27. Rxf1 Qh2 28. Bc1 Qe2 29. Qxc6+ Kf8 30. Rh1 Kg8 31. Qc7 Qxf3 32. Qh2 Qxe4+ 33. Ka1 Kf8 34. Qh8+ Ke7 35. Qh2 Qc6 36. g5 Bd4 37. Bf4 Qxc5 38. Bc1 Ra8 39. Qf4 Qc4 40. a3 Rxa3+ 41. Kb1 Qd3# 0-1

[Event "Titled Tuesday intern op 11th Mar Early"]
[Site "Chess.com INT"]
[Date "2025.03.11"]
[Round "8"]
[White "Iskusnyh, Sergei"]
[Black "Olsson, Linus"]
[Result "0-1"]
[WhiteElo "2440"]
[BlackElo "2152"]
[PlyCount "112"]
[EventDate "2025.03.11"]
[EventType "swiss (blitz)"]
[EventRounds "11"]
[EventCountry "USA"]
[SourceTitle "CB12_2025"]
[SourceDate "2025.03.19"]
[SourceVersion "1"]
[SourceVersionDate "2025.03.19"]
[SourceQuality "1"]

1. d4 Nf6 2. c4 g6 3. g3 Bg7 4. Bg2 c6 5. e4 d5 6. e5 Nfd7 7. cxd5 cxd5 8. Nc3 e6 9. Nge2 0-0 10. 0-0 Nc6 11. b3 b6 12. Ba3 Re8 13. Qd2 Ba6 14. Rfc1 Rc8 15. h4 h5 16. Rc2 b5 17. Bd6 b4 18. Na4 Qa5 19. Rac1 Bb7 20. Nc5 Nxc5 21. Rxc5 Qb6 22. Kh2 Bf8 23. Bxf8 Rxf8 24. Qh6 Ne7 25. Bh3 Rxc5 26. dxc5 Qc7 27. Qe3 Nc6 28. f4 d4 29. Nxd4 Nxd4 30. Qxd4 Rd8 31. Qf2 Bc6 32. Rc2 Rd1 33. Bg2 a5 34. Bxc6 Qxc6 35. Qg2 Rd5 36. Rc4 Kf8 37. Rc2 Ke7 38. Qf2 Rd1 39. Qg2 Rd5 40. Qe4 Rd2+ 41. Rxd2 Qxe4 42. Rf2 Kd7 43. Rd2+ Kc6 44. Rd6+ Kxc5 45. Rd7 Qe2+ 46. Kh3 Qxa2 47. Rxf7 Qxb3 48. Rf6 a4 49. Rxg6 a3 50. Rg8 a2 51. Rc8+ Kd4 52. Ra8 Qb1 53. g4 a1Q 54. Rxa1 Qxa1 55. gxh5 Ke3 56. h6 Kf3 0-1

[Event "Titled Tuesday intern op 25th Feb Early"]
[Site "Chess.com INT"]
[Date "2025.02.25"]
[Round "8"]
[White "Iskusnyh, Sergei"]
[Black "Mendez Machado, Andre"]
[Result "1-0"]
[WhiteElo "2440"]
[BlackElo "2139"]
[PlyCount "75"]
[EventDate "2025.02.25"]
[EventType "swiss (blitz)"]
[EventRounds "11"]
[EventCountry "USA"]
[SourceTitle "CB10_2025"]
[SourceDate "2025.03.05"]
[SourceVersion "1"]
[SourceVersionDate "2025.03.05"]
[SourceQuality "1"]

1. d4 Nf6 2. c4 e6 3. g3 d5 4. Bg2 Be7 5. Nf3 0-0 6. Qc2 dxc4 7. Qxc4 a6 8. Bf4 Nd5 9. Nc3 b5 10. Qd3 Nxf4 11. gxf4 Bb7 12. Ng5 Bxg5 13. Bxb7 Ra7 14. Be4 Bxf4 15. Bg6 hxg6 16. h4 e5 17. e3 Bh6 18. d5 c6 19. h5 cxd5 20. hxg6 d4 21. Rd1 fxg6 22. Qxg6 Rf6 23. Qg2 Re7 24. Nd5 Ref7 25. Nxf6+ Qxf6 26. exd4 exd4 27. Rd3 Qf4 28. 0-0 Nd7 29. Re1 Ne5 30. Qa8+ Kh7 31. Rxe5 Qxe5 32. Qg2 Rf5 33. Kf1 Rg5 34. Qf3 Rh5 35. Rd1 Rf5 36. Qd3 g6 37. Re1 Qf6 38. Re2 1-0

[Event "Titled Tuesday intern op 14th Jan Early"]
[Site "Chess.com INT"]
[Date "2025.01.14"]
[Round "3"]
[White "Iskusnyh, Sergei"]
[Black "Alonso, Raphael VP Patricio"]
[Result "1-0"]
[WhiteElo "2440"]
[BlackElo "2130"]
[PlyCount "57"]
[EventDate "2025.01.14"]
[EventType "swiss (blitz)"]
[EventRounds "11"]
[EventCountry "USA"]
[SourceTitle "CB04_2025"]
[SourceDate "2025.01.22"]
[SourceVersion "1"]
[SourceVersionDate "2025.01.22"]
[SourceQuality "1"]

1. d4 Nf6 2. c4 g6 3. g3 Bg7 4. Bg2 0-0 5. Nc3 d6 6. Nf3 c6 7. e4 Be6 8. d5 Bg4 9. 0-0 Nbd7 10. h3 Bxf3 11. Qxf3 cxd5 12. cxd5 Rc8 13. Bd2 Nc5 14. Rfc1 Nfd7 15. Qe2 Ne5 16. Nd1 Ncd3 17. Rxc8 Qxc8 18. f4 Qc2 19. fxe5 Bxe5 20. Nf2 Bd4 21. Rf1 Nxf2 22. Rxf2 Bxf2+ 23. Qxf2 Qxb2 24. a4 Qa1+ 25. Kh2 Qxa4 26. Bh6 Rc8 27. e5 dxe5 28. d6 exd6 29. Qf6 1-0

[Event "Titled Tuesday intern op 14th Jan Early"]
[Site "Chess.com INT"]
[Date "2025.01.14"]
[Round "10"]
[White "Mamedov, Edgar"]
[Black "Iskusnyh, Sergei"]
[Result "0-1"]
[WhiteElo "2457"]
[BlackElo "2440"]
[PlyCount "160"]
[EventDate "2025.01.14"]
[EventType "swiss (blitz)"]
[EventRounds "11"]
[EventCountry "USA"]
[SourceTitle "CB04_2025"]
[SourceDate "2025.01.22"]
[SourceVersion "1"]
[SourceVersionDate "2025.01.22"]
[SourceQuality "1"]

1. e4 e6 2. d4 d5 3. e5 c5 4. c3 Nc6 5. Nf3 Nge7 6. Na3 Bd7 7. Nc2 Qa5 8. Bd3 Nxd4 9. Ncxd4 cxd4 10. Nxd4 Nc6 11. Nxc6 Bxc6 12. 0-0 d4 13. cxd4 Qd5 14. Qg4 h5 15. Qh3 Qxd4 16. Bg5 Qg4 17. Qxg4 hxg4 18. Rac1 Be7 19. Be3 Rh5 20. Bf4 Bg5 21. Bxg5 Rxg5 22. Rfe1 Rd8 23. Bf1 Rd5 24. b4 Rgxe5 25. Rxe5 Rxe5 26. g3 a5 27. a3 axb4 28. axb4 Ke7 29. Bg2 Bxg2 30. Kxg2 Rb5 31. Rc7+ Kf6 32. Rc4 Kg5 33. h3 gxh3+ 34. Kxh3 f5 35. f4+ Kf6 36. g4 fxg4+ 37. Kxg4 Rd5 38. Rc7 b5 39. Rb7 g5 40. fxg5+ Rxg5+ 41. Kf4 Rh5 42. Kg4 Rd5 43. Kf3 Ke5 44. Ke3 Kd6 45. Rb6+ Kd7 46. Ke4 Rh5 47. Kd4 Ke7 48. Rc6 Rd5+ 49. Ke4 Kf6 50. Rb6 Rh5 51. Kd4 Re5 52. Rb7 Rd5+ 53. Ke4 Rg5 54. Kd4 Re5 55. Rb6 Kf5 56. Rb7 Rd5+ 57. Kc3 e5 58. Rc7 Kf4 59. Rc5 Ke4 60. Rc8 Rd3+ 61. Kc2 Rd4 62. Kc3 Ke3 63. Rc5 e4 64. Rxb5 Rd8 65. Rh5 Rc8+ 66. Kb3 Kd4 67. b5 e3 68. Rh4+ Kd3 69. Rh7 e2 70. Re7 Rd8 71. Kb4 Rd4+ 72. Kc5 Re4 73. Rxe4 Kxe4 74. b6 e1Q 75. b7 Qa5+ 76. Kc6 Qa7 77. Kc7 Kd5 78. Kc8 Qc5+ 79. Kb8 Kc6 80. Ka8 Qa5+ 0-1

[Event "Titled Tuesday intern op 14th Jan Early"]
[Site "Chess.com INT"]
[Date "2025.01.14"]
[Round "1"]
[White "Purygin, Andrei"]
[Black "Iskusnyh, Sergei"]
[Result "0-1"]
[WhiteElo "2335"]
[BlackElo "2440"]
[PlyCount "66"]
[EventDate "2025.01.14"]
[EventType "swiss (blitz)"]
[EventRounds "11"]
[EventCountry "USA"]
[SourceTitle "CB04_2025"]
[SourceDate "2025.01.22"]
[SourceVersion "1"]
[SourceVersionDate "2025.01.22"]
[SourceQuality "1"]

1. e4 e6 2. d4 d5 3. Nd2 c5 4. Ngf3 cxd4 5. Nxd4 Nc6 6. Bb5 Bd7 7. Nxc6 bxc6 8. Bd3 Bd6 9. Qe2 Ne7 10. c4 Qc7 11. cxd5 cxd5 12. g3 0-0 13. 0-0 a5 14. Nf3 Ng6 15. Re1 a4 16. e5 Bb4 17. Bd2 Bxd2 18. Qxd2 Rab8 19. Rab1 Rfc8 20. b4 axb3 21. axb3 Qb6 22. Bxg6 hxg6 23. Nd4 Ra8 24. Ra1 Qc7 25. Rac1 Qb6 26. Ra1 Rxa1 27. Rxa1 Qc7 28. Kf1 Qxe5 29. Re1 Qc7 30. b4 Qb6 31. f4 Rc4 32. Nc2 Ba4 33. Rc1 Qc7 0-1

[Event "Titled Tuesday intern op 14th Jan Early"]
[Site "Chess.com INT"]
[Date "2025.01.14"]
[Round "4"]
[White "Svane, Rasmus"]
[Black "Iskusnyh, Sergei"]
[Result "1-0"]
[WhiteElo "2624"]
[BlackElo "2440"]
[PlyCount "71"]
[EventDate "2025.01.14"]
[EventType "swiss (blitz)"]
[EventRounds "11"]
[EventCountry "USA"]
[SourceTitle "CB04_2025"]
[SourceDate "2025.01.22"]
[SourceVersion "1"]
[SourceVersionDate "2025.01.22"]
[SourceQuality "1"]

1. c4 c5 2. Nf3 g6 3. e4 Nc6 4. d4 cxd4 5. Nxd4 Nf6 6. Nc3 d6 7. Be2 Nxd4 8. Qxd4 Bg7 9. Be3 0-0 10. Qd3 a5 11. Na4 Nd7 12. 0-0 b6 13. Qc2 Nc5 14. Nc3 Bb7 15. f3 e6 16. Rfd1 Qe7 17. Rd2 Rad8 18. Rad1 Be5 19. Bf1 Qh4 20. g3 Qf6 21. Bg2 Bc6 22. Ne2 Qe7 23. Nd4 Bb7 24. Nb5 f5 25. f4 Bg7 26. Nxd6 Nxe4 27. Nxe4 fxe4 28. Bxe4 Bxe4 29. Qxe4 Rxd2 30. Rxd2 Kh8 31. b3 e5 32. Bxb6 Qb4 33. Be3 exf4 34. gxf4 Qc3 35. Kg2 a4 36. Qd3 1-0

[Event "Titled Tuesday intern op 14th Jan Early"]
[Site "Chess.com INT"]
[Date "2025.01.14"]
[Round "2"]
[White "Tang, Andrew"]
[Black "Iskusnyh, Sergei"]
[Result "1-0"]
[WhiteElo "2529"]
[BlackElo "2440"]
[PlyCount "31"]
[EventDate "2025.01.14"]
[EventType "swiss (blitz)"]
[EventRounds "11"]
[EventCountry "USA"]
[SourceTitle "CB04_2025"]
[SourceDate "2025.01.22"]
[SourceVersion "1"]
[SourceVersionDate "2025.01.22"]
[SourceQuality "1"]

1. d4 d5 2. Bf4 c5 3. e4 dxe4 4. d5 Nf6 5. Nc3 a6 6. Qe2 g6 7. 0-0-0 Bg7 8. Nxe4 Nxe4 9. Qxe4 0-0 10. Qe3 Qa5 11. Kb1 Bf5 12. Bh6 Bd4 13. Rxd4 cxd4 14. Qe5 f6 15. Qxe7 Bxc2+ 16. Ka1 1-0

[Event "Titled Tuesday intern op 07th Jan Early"]
[Site "Chess.com INT"]
[Date "2025.01.07"]
[Round "2"]
[White "Hansen, Soren Bech"]
[Black "Iskusnyh, Sergei"]
[Result "0-1"]
[WhiteElo "2250"]
[BlackElo "2440"]
[PlyCount "56"]
[EventDate "2025.01.07"]
[EventType "swiss (blitz)"]
[EventRounds "11"]
[EventCountry "USA"]
[SourceTitle "CB03_2025"]
[SourceDate "2025.01.15"]
[SourceVersion "1"]
[SourceVersionDate "2025.01.15"]
[SourceQuality "1"]

1. e4 e6 2. d4 d5 3. e5 c5 4. c3 Nc6 5. Nf3 Nge7 6. Na3 Bd7 7. Nc2 Qa5 8. Bd3 Nxd4 9. 0-0 Nxf3+ 10. Qxf3 Ng6 11. Re1 Be7 12. g3 0-0 13. h4 f5 14. h5 Nh8 15. c4 Bc6 16. Qe2 Nf7 17. Bd2 Qc7 18. f4 d4 19. Rf1 Nh6 20. Be1 b6 21. b4 Rad8 22. Qd2 Ba8 23. Be2 d3 24. Bxd3 Qc6 25. Kh2 Rxd3 26. Qe2 Ng4+ 27. Kh3 Qe8 28. Qxd3 Qxh5# 0-1

[Event "Titled Tuesday intern op 07th Jan Early"]
[Site "Chess.com INT"]
[Date "2025.01.07"]
[Round "8"]
[White "Iskusnyh, Sergei"]
[Black "Velikanov, Alexander"]
[Result "1-0"]
[WhiteElo "2440"]
[BlackElo "2388"]
[PlyCount "59"]
[EventDate "2025.01.07"]
[EventType "swiss (blitz)"]
[EventRounds "11"]
[EventCountry "USA"]
[SourceTitle "CB03_2025"]
[SourceDate "2025.01.15"]
[SourceVersion "1"]
[SourceVersionDate "2025.01.15"]
[SourceQuality "1"]

1. d4 Nf6 2. c4 c5 3. d5 b5 4. cxb5 a6 5. e3 g6 6. Nc3 Bg7 7. a4 0-0 8. e4 Bb7 9. Bg5 Qa5 10. Bd2 Qb4 11. Qc2 e6 12. Nf3 exd5 13. Nxd5 Nxd5 14. Bxb4 Nxb4 15. Qxc5 a5 16. e5 Rc8 17. Qb6 Nc2+ 18. Kd2 Bxf3 19. gxf3 Nxa1 20. Qb7 Nb3+ 21. Ke3 Nc6 22. bxc6 Nc5 23. Qb5 Rxc6 24. f4 Rcc8 25. Bc4 Rab8 26. Qxa5 Rxb2 27. Rc1 Nb3 28. Bxf7+ Kxf7 29. Qd5+ Ke7 30. Rxc8 1-0